SOCIETE ALIENEE ET SOCIETE SAINE: DU CAPITALISME AU SOCIALISME HUMANISTE, PSYCHANALYSE DE LA SOCIETE CONTEMPORAINE/

INDICE

Shranjeno v:
Bibliografske podrobnosti
Glavni avtor: Fromm, Erich (autor)
Format: Knjiga
Teme:
Oznake: Označite
Brez oznak, prvi označite!

MARC

LEADER 00000nam^a2200000^a^4500
001 000223453
005 20250521000000.0
009 20260310104017.101
035 |a 041818 
037 |a Acervo Xavier Clavigero 
082 |a 302.  |b FRO 
100 |a Fromm, Erich  |e (autor) 
245 1 0 |a SOCIETE ALIENEE ET SOCIETE SAINE:  |b DU CAPITALISME AU SOCIALISME HUMANISTE, PSYCHANALYSE DE LA SOCIETE CONTEMPORAINE/  |c ERICH FROMM 
264 |a FRANCE :  |b LE COURRIER DU LIVRE,  |c 1956 
300 |a 339p. 
336 |a texto  |b txt  |2 rdacontenido 
337 |a sin mediación  |b n  |2 rdamedio 
338 |a volumen  |b nc  |2 rdasoporte 
520 |a INDICE 
649 |a XX 
650 |a PSICOLOGIA SOCIAL 
650 |a Historia Social 
910 |a Fondo General 
920 |a Impresos - Libros 
930 |a Colección General 
905 |a 101 
901 |a 041818  |b IT1  |c ACC  |i 041818  |u 20250521 
902 |a https://opac.biblio.iteso.mx/vufind/Record/000223453